|
|
|
|
| LEADER |
00000nam0a2200000 4500 |
| 001 |
71476 |
| 005 |
20231031082647.0 |
| 010 |
|
|
|a 0936894598
|
| 035 |
|
|
|a (RuTPU)RU\TPU\book\76102
|
| 090 |
|
|
|a 71476
|
| 100 |
|
|
|a 20041217d1994 km y0engy50 ba
|
| 101 |
0 |
|
|a eng
|
| 102 |
|
|
|a US
|
| 105 |
|
|
|a y z 001zy
|
| 200 |
1 |
|
|a The Language of Small Business
|e A Complete Dictionary of Small Business Terms
|f C. O. Trautmann
|
| 210 |
|
|
|a Dover
|c Upstart Publishing Company Inc.
|d 1994
|
| 215 |
|
|
|a 398 p.
|
| 320 |
|
|
|a Index: p. 395-396.
|
| 610 |
1 |
|
|a экономика
|
| 610 |
1 |
|
|a английский язык
|
| 610 |
1 |
|
|a лексика
|
| 610 |
1 |
|
|a бизнес
|
| 610 |
1 |
|
|a малый бизнес
|
| 610 |
1 |
|
|a словари
|
| 610 |
1 |
|
|a термины
|
| 686 |
|
|
|a Ш143.21-43
|v LBC/SL-A
|2 rubbk
|
| 686 |
|
|
|a У01я2
|v LBC/SL-A
|2 rubbk
|
| 700 |
|
1 |
|a Trautmann
|b C. O.
|g Carl O.
|
| 801 |
|
1 |
|a RU
|b 63413507
|c 20041217
|g PSBO
|
| 801 |
|
2 |
|a RU
|b 63413507
|c 20150908
|g PSBO
|
| 942 |
|
|
|c BK
|